Valores y actitudes / Redacción de Texto por Editorial Bueno (Registro nro. 10301)

Detalles MARC
000 -LEADER
fixed length control field 00554nam a22001931a 4500
001 - CONTROL NUMBER
control field 10301
003 - CONTROL NUMBER IDENTIFIER
control field OSt
005 - DATE AND TIME OF LATEST TRANSACTION
control field 20260204212154.0
008 - FIXED-LENGTH DATA ELEMENTS--GENERAL INFORMATION
fixed length control field 081024s2002||||sp ||||||b||||||||||spa||
020 ## - NUMERO DE LIBRO INTERNACIONAL NORMALIZADO
International Standard Book Number 997477750X
050 ## - LIBRARY OF CONGRESS CALL NUMBER
Classification number R 170 V247a
110 ## - ASIENTO PRINCIPAL -- NOMBRE CORPORATIVO
Corporate name or jurisdiction name as entry element Redacción de Texto por Editorial Bueno
245 ## - TÍTULO PROPIAMENTE DICHO: SUBTÍTULO
Title Valores y actitudes / Redacción de Texto por Editorial Bueno
264 ## - PRODUCTION, PUBLICATION, DISTRIBUTION, MANUFACTURE, AND COPYRIGHT NOTICE
Place of production, publication, distribution, manufacture España : Arquetipo Grupo Editorial
300 ## - PHYSICAL DESCRIPTION
Extensión 360 p
500 ## - GENERAL NOTE
General note Incluye CD
650 ## - ASIENTO SECUNDARIO DE MATERIA -- TERMINO TEMÁTICO
Termino Temático Como Elemento de Entrada Etica 2.Educación Cívica 3.Educación en ValoresÌ
942 ## - ADDED ENTRY ELEMENTS (KOHA)
Source of classification or shelving scheme Dewey Decimal Classification
Koha item type Libros
Existencias
Withdrawn status Lost status Source of classification or shelving scheme Damaged status Not for loan Current library Date acquired Total Checkouts Full call number Barcode Date last seen Price effective from Koha item type
    Dewey Decimal Classification     Biblioteca UTECO 09/09/2019   R 170 V247A 014545 09/09/2019 09/09/2019 Libros
© 2021 Derechos Reservados UTECO - Teléfono: +1 809-585-2291 - Correo electrónico: biblioteca@uteco.edu.do​  
Código postal 43000 ​​
Dirección: Avenida Universitaria No. 100, 
Cotuí, Provincia Sánchez Ramírez, República Dominicana - RNC: 404-00059-6